Jazyk PLENER

Enregistré dans:
Détails bibliographiques
Auteur principal: Pil'ščikov, Vladimir Nikolaj
Format: Livre
Langue:russe
Publié: Moskva Nauka 1983
Collection:Bibliotečka programmista
Tags: Ajouter un tag
Pas de tags, Soyez le premier à ajouter un tag!

MARC

LEADER 00000nam a2200000 4500
001 c113311
005 20041019155155.3
041 0 |a rus 
044 |a RU 
245 1 0 |a Jazyk PLENER  |c Vladimir Nikolaj Pil'ščikov 
264 1 |a Moskva  |b Nauka  |c 1983 
300 |a 206 s. 
490 1 |a Bibliotečka programmista 
830 0 |a Bibliotečka programmista 
100 1 |a Pil'ščikov, Vladimir Nikolaj